000 00247 a2200097 4500
001 52098
100 _aLevens A
245 _aDevelopments in composite Materials (Vol-I)
260 _aLondon
_bApplied Science Publishers
_c
090 _c32828
_d32828
942 _aNUST-CAE
_cM
_c25367
999 _c287171
_d287171